<The> Attitude of the Forming “EU Core” Toward the 17+1 Platform

Existencia spoločného prístupu formujúceho sa „jadra“ členských štátov EÚ, ako aj inštitúcií EÚ k platforme spolupráce 17 + 1 vytvorenej Čínou v strednej a východnej Európe. Názory a politiky inštitúcií a „základných“ členských štátov voči tejto platforme. Reakcie krajín strednej a východnej Európy.

Salvato in:
Dettagli Bibliografici
Autore principale: Ondriaš, Juraj, 1988-
Natura: Capitolo di libro
Lingua:inglese
Soggetti:
Tags: Aggiungi Tag
Nessun Tag, puoi essere il primo ad aggiungerne!!

MARC

LEADER 00000naa$a2200000$$$4500
001 0270691
005 20240502083815.7
041 0 |a eng 
044 |a CZ 
245 1 0 |a <The> Attitude of the Forming “EU Core” Toward the 17+1 Platform 
520 |a Existencia spoločného prístupu formujúceho sa „jadra“ členských štátov EÚ, ako aj inštitúcií EÚ k platforme spolupráce 17 + 1 vytvorenej Čínou v strednej a východnej Európe. Názory a politiky inštitúcií a „základných“ členských štátov voči tejto platforme. Reakcie krajín strednej a východnej Európy. 
610 2 0 |a Čína 
610 2 0 |a integrácia 
610 2 0 |a Európska únia 
610 2 0 |a spolupráca medzinárodná 
100 1 |a Ondriaš, Juraj, 1988-